[Event "II Festival Vittorio Alfieri"]
[Site "Torino ITA"]
[Date "2010.04.21"]
[Round "1"]
[White "Trusso Cafarello, Sebastiano"]
[Black "Cacinschi, Alexandru"]
[Result "1/2-1/2"]
[WhiteElo "1662"]
[BlackElo "1986"]
[PlyCount "141"]
[EventDate "2010.04.21"]

1. e4 c5 2. Nf3 d6 3. d4 cxd4 4. Nxd4 Nf6 5. Nc3 a6 6. f3 Nc6 7. Be3 e5 8. Nb3
Be6 9. Be2 Be7 10. Qd2 b5 11. Nd5 Bxd5 12. exd5 Nb8 13. O-O O-O 14. a4 bxa4 15.
Rxa4 Qd7 16. Rfa1 Qb7 17. Rb4 Qxd5 18. Bd3 Qe6 19. Rba4 d5 20. Nc5 Qc6 21. Nxa6
e4 22. Be2 exf3 23. gxf3 Nbd7 24. b3 Rfc8 25. Bd1 Qb7 26. Be2 h6 27. Kf2 Qc6
28. R4a2 Ne5 29. Bd4 Qe6 30. Nc7 Rxc7 31. Rxa8+ Kh7 32. Qe3 Bd6 33. R8a6 Re7
34. Bxe5 Qxe5 35. Qxe5 Bxe5 36. Bd3+ g6 37. Rh1 Nh5 38. Ra5 Nf4 39. Rd1 Kg7 40.
b4 h5 41. b5 h4 42. Ra4 Bc7 43. Ra6 Nh3+ 44. Kf1 Ng5 45. Ra7 Kf6 46. Re1 Rxe1+
47. Kxe1 Bxh2 48. Kf2 Be5 49. Ra6+ Ke7 50. Ra4 Bg3+ 51. Kg2 Be1 52. Be2 h3+ 53.
Kh2 Bd2 54. b6 Kd6 55. b7 Kc7 56. Rd4 Be3 57. Rxd5 Bf4+ 58. Kh1 Kxb7 59. c4 h2
60. c5 Kc6 61. Rd4 Nh3 62. Rd1 Nf2+ 63. Kg2 Nxd1 64. Bxd1 Kxc5 65. Bb3 f6 66.
Bc2 g5 67. Bf5 Kd4 68. Be4 Ke3 69. Bb7 Bc7 70. Bc6 f5 71. Bb7 1/2-1/2

[Event "II Festival Vittorio Alfieri"]
[Site "Torino ITA"]
[Date "2010.04.21"]
[Round "1"]
[White "Vogliobene, Luigi"]
[Black "Militello, Michele"]
[Result "0-1"]
[WhiteElo "1580"]
[BlackElo "1842"]
[PlyCount "82"]
[EventDate "2010.04.21"]

1. e4 d6 2. d4 Nf6 3. Nc3 Nbd7 4. Nf3 e5 5. dxe5 dxe5 6. Bd3 Be7 7. O-O O-O 8.
h3 c6 9. Be3 Qc7 10. Qe2 b5 11. a3 a6 12. b4 Bb7 13. Na2 c5 14. bxc5 Bxc5 15.
Bxc5 Nxc5 16. Nd2 Rfd8 17. Rfd1 Qd6 18. Nc1 Rac8 19. Qe3 Na4 20. Ne2 Nb2 21.
Rab1 Nxd3 22. cxd3 Qxd3 23. Qxd3 Rxd3 24. Ra1 Rcd8 25. Ra2 Nxe4 26. Nc1 Rxd2
27. Raxd2 Rxd2 28. Rxd2 Nxd2 29. Nd3 Nc4 30. f3 f6 31. Nc5 Bc8 32. a4 Kf7 33.
Kf2 Ke7 34. axb5 axb5 35. Ke2 f5 36. Kd3 Kd6 37. Nb3 Be6 38. Kc3 Ne3 39. g3
Bxb3 40. Kxb3 Kc5 41. g4 e4 0-1

[Event "II Festival Vittorio Alfieri"]
[Site "Torino ITA"]
[Date "2010.04.22"]
[Round "2"]
[White "Blundo, Michele"]
[Black "Vogliobene, Luigi"]
[Result "0-1"]
[WhiteElo "1763"]
[BlackElo "1580"]
[PlyCount "74"]
[EventDate "2010.04.21"]

1. d4 Nf6 2. c4 g6 3. Nc3 Bg7 4. Nf3 d6 5. e4 O-O 6. Be2 e5 7. d5 Nbd7 8. O-O
Nc5 9. Qc2 a6 10. b4 Ncd7 11. a4 Ne8 12. Ba3 f5 13. Rad1 Ndf6 14. Ng5 fxe4 15.
Ne6 Bxe6 16. dxe6 Qe7 17. Nxe4 Qxe6 18. c5 Qd7 19. cxd6 Nxe4 20. Qxe4 Nxd6 21.
Bc4+ Kh8 22. Qxb7 Qxa4 23. Rxd6 cxd6 24. Bc1 Rfb8 25. Qd5 Qxb4 26. Be3 a5 27.
Rd1 a4 28. Ba2 e4 29. g3 a3 30. Kg2 Bb2 31. Rd4 Qc5 32. Rd2 Qxd5 33. Bxd5 Ra4
34. Ba2 Be5 35. f4 exf3+ 36. Kxf3 Rb2 37. Bh6 Rd4 0-1

[Event "II Festival Vittorio Alfieri"]
[Site "Torino ITA"]
[Date "2010.04.22"]
[Round "2"]
[White "Capuzzimati, Fausto"]
[Black "Paoli, Mario"]
[Result "1/2-1/2"]
[WhiteElo "1491"]
[BlackElo "1746"]
[PlyCount "74"]
[EventDate "2010.04.21"]

1. d4 g6 2. c4 Bg7 3. Nf3 Nf6 4. Nc3 O-O 5. e4 d6 6. Be2 c6 7. O-O a6 8. a4 Qc7
9. Qc2 Nbd7 10. Be3 Ng4 11. Bg5 f6 12. Bh4 Re8 13. Bg3 e5 14. d5 c5 15. h3 Nh6
16. Ra3 Nf8 17. a5 f5 18. Bd3 f4 19. Bh2 Qe7 20. Ne1 Qg5 21. Nf3 Qd8 22. Ne1
Nd7 23. g4 Qh4 24. Be2 Nf7 25. Ng2 Qd8 26. Nd1 Nf6 27. f3 g5 28. Nf2 h5 29. Qb3
Nh6 30. Qb6 hxg4 31. Qxd8 Rxd8 32. fxg4 Rf8 33. Rb3 Nf7 34. Kh1 Rb8 35. Rg1 Nh6
36. Ne1 Nd7 37. Nf3 Nf7 1/2-1/2

[Event "II Festival Vittorio Alfieri"]
[Site "Torino ITA"]
[Date "2010.04.22"]
[Round "2"]
[White "Cavaliere, Simone"]
[Black "Ravazzolo, Gaia"]
[Result "0-1"]
[WhiteElo "1883"]
[BlackElo "1713"]
[PlyCount "54"]
[EventDate "2010.04.21"]

1. e4 c6 2. d4 d5 3. Nc3 dxe4 4. Nxe4 Bf5 5. Ng3 Bg6 6. Bc4 e6 7. N1e2 Bd6 8.
Nf4 Nf6 9. Ngh5 Nxh5 10. Nxh5 Qa5+ 11. Bd2 Qxh5 12. g4 Qh4 13. Qe2 Qe7 14. h4
h5 15. O-O-O Nd7 16. Rh3 Nf6 17. g5 Nd5 18. Re1 Bf5 19. Rb3 Nb4 20. d5 cxd5 21.
g6 Bxg6 22. Bxd5 Nxd5 23. Qb5+ Qd7 24. Qxd5 Qc6 25. Rxe6+ fxe6 26. Qxe6+ Be7
27. Qxc6+ bxc6 0-1

[Event "II Festival Vittorio Alfieri"]
[Site "Torino ITA"]
[Date "2010.04.22"]
[Round "2"]
[White "De Renzi, Giuseppe"]
[Black "Baleja, Marian"]
[Result "0-1"]
[WhiteElo "1533"]
[BlackElo "1923"]
[PlyCount "76"]
[EventDate "2010.04.21"]

1. d4 d5 2. Bf4 Nf6 3. e3 a6 4. Bd3 e6 5. Nd2 c5 6. c3 cxd4 7. exd4 Be7 8. Ngf3
O-O 9. Ne5 b5 10. a3 Bb7 11. h4 Nbd7 12. g4 Ne4 13. g5 f6 14. Nxd7 Qxd7 15. g6
e5 16. Qh5 hxg6 17. Qxg6 exf4 18. f3 f5 19. fxe4 fxe4 20. Bf1 Rf6 21. Qg1 Rh6
22. h5 Rf8 23. O-O-O a5 24. Bh3 Qc7 25. Nb3 Bxa3 26. Nc5 Bxc5 27. dxc5 e3 28.
Qg5 e2 29. Rde1 f3 30. Qe3 Qf4 31. Qxf4 Rxf4 32. Kd2 d4 33. cxd4 Rxd4+ 34. Ke3
Rb4 35. Rc1 Rxb2 36. c6 Rxc6 37. Rxc6 Bxc6 38. Kf2 e1=Q+ 0-1

[Event "II Festival Vittorio Alfieri"]
[Site "Torino ITA"]
[Date "2010.04.22"]
[Round "2"]
[White "Dragojlovic, Andjelko"]
[Black "Lucchese, Paolo"]
[Result "1-0"]
[WhiteElo "2422"]
[BlackElo "2024"]
[PlyCount "69"]
[EventDate "2010.04.21"]

1. e4 c5 2. Nf3 d6 3. c3 Nf6 4. Be2 Nc6 5. d4 cxd4 6. cxd4 Nxe4 7. d5 Qa5+ 8.
Nc3 Nxc3 9. bxc3 Ne5 10. O-O Nxf3+ 11. Bxf3 Bd7 12. Re1 Rc8 13. Bf4 Qa4 14. Qd2
Kd8 15. Re4 Qa3 16. Rc1 h6 17. h4 Bf5 18. Rb4 b6 19. h5 g5 20. hxg6 fxg6 21.
Qd4 Rg8 22. Ra4 Qc5 23. Qxc5 Rxc5 24. Rxa7 Ra5 25. Rb7 Rxa2 26. Rxb6 g5 27. Be3
g4 28. Bd1 Be4 29. c4 h5 30. Bb3 Rb2 31. Ra1 Rb1+ 32. Rxb1 Bxb1 33. c5 dxc5 34.
d6 Rh8 35. dxe7+ 1-0

[Event "II Festival Vittorio Alfieri"]
[Site "Torino ITA"]
[Date "2010.04.22"]
[Round "2"]
[White "Giacchino, Claudio"]
[Black "Topczewski, Damian"]
[Result "0-1"]
[WhiteElo "1631"]
[BlackElo "2159"]
[PlyCount "40"]
[EventDate "2010.04.21"]

1. e4 c5 2. Nf3 Nc6 3. Nc3 g6 4. d4 cxd4 5. Nxd4 Bg7 6. Be3 Nf6 7. Bc4 O-O 8.
Qd2 Nxe4 9. Nxe4 d5 10. Nxc6 bxc6 11. O-O-O Qc7 12. Bxd5 cxd5 13. Nc5 Rd8 14.
Nb3 Bf5 15. f3 d4 16. Bf2 Rac8 17. Na1 Bxc2 18. Qxc2 Qa5 19. Qxc8 Rxc8+ 20. Kb1
Qf5+ 0-1

[Event "II Festival Vittorio Alfieri"]
[Site "Torino ITA"]
[Date "2010.04.22"]
[Round "2"]
[White "Macario, Marco"]
[Black "Portaro, Gaetano"]
[Result "1-0"]
[WhiteElo "1755"]
[BlackElo "1512"]
[PlyCount "77"]
[EventDate "2010.04.21"]

1. e4 Nc6 2. d4 e5 3. Nf3 exd4 4. Nxd4 Ne5 5. f4 Ng6 6. Nc3 Nf6 7. Be3 d6 8. h3
Be7 9. Bd3 Nh4 10. Qe2 c5 11. Nf3 Nh5 12. Qf2 Bd7 13. Nd5 Nxf3+ 14. Qxf3 Bh4+
15. Bf2 Bxf2+ 16. Qxf2 Nf6 17. O-O Bc6 18. Rfe1 O-O 19. c4 a6 20. a4 Re8 21. b3
Nxd5 22. exd5 Bd7 23. Rxe8+ Bxe8 24. Re1 Bd7 25. Qc2 Qh4 26. Re3 Re8 27. Qe2
Rxe3 28. Qxe3 f5 29. Bxf5 Qd8 30. Bxd7 Qxd7 31. Qe6+ Qxe6 32. dxe6 Kf8 33. Kf2
Ke7 34. f5 g6 35. g4 gxf5 36. gxf5 a5 37. Ke3 b6 38. Ke4 Kf6 39. Kd5 1-0

[Event "II Festival Vittorio Alfieri"]
[Site "Torino ITA"]
[Date "2010.04.22"]
[Round "2"]
[White "Militello, Michele"]
[Black "Kizov, Atanas"]
[Result "0-1"]
[WhiteElo "1842"]
[BlackElo "2398"]
[PlyCount "60"]
[EventDate "2010.04.21"]

1. d4 Nf6 2. Nf3 g6 3. Nbd2 d5 4. e3 Bg7 5. Bd3 O-O 6. O-O Nbd7 7. c3 c5 8. Re1
Qc7 9. Bf1 e5 10. dxe5 Nxe5 11. Nxe5 Qxe5 12. Nf3 Qe7 13. h3 Rd8 14. Qc2 Bf5
15. Bd3 Ne4 16. a4 Rac8 17. Ra3 h5 18. Qe2 Rd6 19. Rd1 Rcd8 20. Bd2 g5 21. Nh2
g4 22. hxg4 hxg4 23. g3 Qg5 24. Qf1 Rh6 25. Be2 Rdd6 26. Qg2 Rh3 27. Nf1 Rdh6
28. f3 Qh5 29. fxe4 Bxe4 30. Bf3 Bxf3 0-1

[Event "II Festival Vittorio Alfieri"]
[Site "Torino ITA"]
[Date "2010.04.22"]
[Round "2"]
[White "Moncelli, Giorgio"]
[Black "Fassio, Francesco"]
[Result "1/2-1/2"]
[WhiteElo "2088"]
[BlackElo "1618"]
[PlyCount "126"]
[EventDate "2010.04.21"]

1. e4 e5 2. Nf3 Nf6 3. Nc3 Nc6 4. d4 exd4 5. Nxd4 Nxd4 6. Qxd4 d6 7. Bg5 Be7 8.
O-O-O O-O 9. Be2 Be6 10. Kb1 Ng4 11. Bxe7 Qxe7 12. f4 Nf6 13. f5 Bc8 14. g4 Re8
15. Bf3 Qe5 16. Qd2 b5 17. Rhe1 Bb7 18. g5 b4 19. Nb5 Nxe4 20. Bxe4 Qxb5 21.
Bd3 Qb6 22. Rxe8+ Rxe8 23. Re1 Rxe1+ 24. Qxe1 Qc6 25. g6 Qh1 26. gxf7+ Kxf7 27.
Bf1 Qe4 28. Qd1 Qxf5 29. Bc4+ Kf8 30. b3 a5 31. Qe2 Be4 32. Ba6 g5 33. Qc4 c5
34. Bc8 Qxc8 35. Qxe4 Qd7 36. Qa8+ Qe8 37. Qf3+ Qf7 38. Qd3 Qe7 39. Qf5+ Qf7
40. Qxg5 Qe7 41. Qf5+ Qf7 42. Qd3 Ke7 43. Qe2+ Qe6 44. Qd2 Qe5 45. a4 h5 46.
Qg2 Qe1+ 47. Ka2 Qe5 48. Qb7+ Ke6 49. Qc8+ Kf6 50. Qf8+ Kg6 51. Qg8+ Kh6 52.
Qf8+ Kg5 53. Qd8+ Kg4 54. Qg8+ Kh3 55. Qf7 Qxh2 56. Qxh5+ Kg2 57. Qd5+ Kg1 58.
Qd1+ Kg2 59. Qd2+ Kh3 60. Qh6+ Kg2 61. Qd2+ Kh3 62. Qh6+ Kg2 63. Qd2+ Kh3
1/2-1/2

[Event "II Festival Vittorio Alfieri"]
[Site "Torino ITA"]
[Date "2010.04.22"]
[Round "2"]
[White "Mrdja, Milan"]
[Black "Gussone, Claudio"]
[Result "1-0"]
[WhiteElo "2376"]
[BlackElo "1792"]
[PlyCount "58"]
[EventDate "2010.04.21"]

1. e4 d6 2. d4 Nf6 3. Nc3 g6 4. f4 Bg7 5. Nf3 c5 6. d5 O-O 7. Bd3 Bg4 8. h3 Bd7
9. O-O Na6 10. e5 Ne8 11. Bc4 Nac7 12. a4 a6 13. a5 Nb5 14. Ne4 Qc8 15. c3 Rb8
16. Be3 Bf5 17. Ng3 Bd7 18. Qe2 e6 19. dxe6 fxe6 20. exd6 Nbxd6 21. Ne5 Nxc4
22. Qxc4 b6 23. axb6 Bxe5 24. fxe5 Rxf1+ 25. Rxf1 Rxb6 26. Bxc5 Rc6 27. Ne4 Kg7
28. b4 Nc7 29. Qd4 Nb5 1-0

[Event "II Festival Vittorio Alfieri"]
[Site "Torino ITA"]
[Date "2010.04.22"]
[Round "2"]
[White "Pettorusso, Aldo"]
[Black "Trusso Cafarello, Sebastiano"]
[Result "1-0"]
[WhiteElo "1598"]
[BlackElo "1662"]
[PlyCount "69"]
[EventDate "2010.04.21"]

1. Nf3 e6 2. d4 d5 3. c4 Nf6 4. Nc3 Nbd7 5. Bf4 c6 6. a4 Bb4 7. e3 Qa5 8. Qc2
Ne4 9. Rc1 O-O 10. cxd5 exd5 11. Bd3 Ndf6 12. O-O Bxc3 13. bxc3 Bf5 14. Ne5 Qd8
15. f3 Nd6 16. Bxf5 h6 17. Bd3 Qe7 18. e4 Rfe8 19. Nxc6 bxc6 20. e5 Nc4 21.
exf6 Qxf6 22. Be5 Qg5 23. Bxc4 dxc4 24. Rce1 Re6 25. f4 Qd8 26. f5 Re8 27. Qf2
f6 28. Bf4 Qa5 29. Bd2 Qxa4 30. Qg3 Kh8 31. Qg6 Rxe1 32. Rxe1 Qc2 33. Bxh6 Rg8
34. Bxg7+ Rxg7 35. Re8+ 1-0

[Event "II Festival Vittorio Alfieri"]
[Site "Torino ITA"]
[Date "2010.04.22"]
[Round "2"]
[White "Pitrola, Carlo"]
[Black "Ljubisavljevic, Zivojin Z."]
[Result "0-1"]
[WhiteElo "1799"]
[BlackElo "2260"]
[PlyCount "82"]
[EventDate "2010.04.21"]

1. d4 c5 2. d5 e5 3. c4 d6 4. e4 f5 5. Nc3 Nf6 6. Bd3 f4 7. g3 fxg3 8. hxg3 Be7
9. Bg5 O-O 10. Qd2 Ng4 11. Bxe7 Qxe7 12. f4 exf4 13. gxf4 g5 14. e5 Bf5 15. e6
Bxd3 16. Qxd3 Rxf4 17. Nge2 Ne5 18. Qg3 Rg4 19. Qe3 Nxc4 20. Qf3 Ne5 21. Qf5
Na6 22. Rf1 Rf8 23. Qxf8+ Qxf8 24. Rxf8+ Kxf8 25. O-O-O Nb4 26. Nb5 Rg2 27. a3
Nbd3+ 28. Kd2 Nf4 29. Nbc3 Nc4+ 30. Ke1 Nxe2 31. Nxe2 h5 32. b4 cxb4 33. axb4
h4 34. Rd3 Ne5 35. Rc3 Ke7 36. Rc7+ Kf6 37. Nc3 h3 38. Ne4+ Kf5 39. Rf7+ Kxe4
40. e7 h2 41. e8=Q h1=Q+ 0-1

[Event "II Festival Vittorio Alfieri"]
[Site "Torino ITA"]
[Date "2010.04.22"]
[Round "2"]
[White "Termini, Luigi Robert"]
[Black "Iacomussi, Mario"]
[Result "0-1"]
[WhiteElo "1703"]
[BlackElo "1760"]
[PlyCount "44"]
[EventDate "2010.04.21"]

1. c4 Nf6 2. d4 c5 3. e3 g6 4. Nf3 Bg7 5. Nc3 cxd4 6. exd4 O-O 7. Bd3 d5 8. c5
Nc6 9. Qb3 Re8 10. Bf4 Nh5 11. Bg3 Nxg3 12. hxg3 Nxd4 13. Nxd4 Bxd4 14. Nxd5
Be6 15. Bc4 Qa5+ 16. Nb4 Bxc4 17. Qxc4 Bxc5 18. a3 Rac8 19. Qh4 Bxb4+ 20. Qxb4
Qe5+ 21. Kf1 Rc2 22. Qa4 Qe2+ 0-1

[Event "II Festival Vittorio Alfieri"]
[Site "Torino ITA"]
[Date "2010.04.22"]
[Round "2"]
[White "Vozza, Augusto"]
[Black "Di Chiara, Mauro"]
[Result "0-1"]
[WhiteElo "1540"]
[BlackElo "1868"]
[PlyCount "78"]
[EventDate "2010.04.21"]

1. e4 d6 2. d4 Nf6 3. Nc3 g6 4. Nf3 Bg7 5. Be2 O-O 6. h3 c6 7. Be3 b5 8. a3
Nbd7 9. Qd2 Bb7 10. O-O a6 11. Bh6 c5 12. Bxg7 Kxg7 13. e5 Ne8 14. Rad1 c4 15.
Nh2 Qb6 16. Ng4 h5 17. Qh6+ Kg8 18. Nh2 dxe5 19. dxe5 Nxe5 20. Bxh5 Nf6 21. Nf3
Nxf3+ 22. Bxf3 Bxf3 23. gxf3 Rad8 24. Qe3 Qc7 25. Rfe1 Rxd1 26. Rxd1 Rd8 27.
Re1 e6 28. Re2 Nd5 29. Nxd5 Rxd5 30. Rd2 Qd6 31. Rxd5 Qxd5 32. Qe4 Kg7 33. Qxd5
exd5 34. Kf1 d4 35. Ke2 Kf6 36. b3 Ke5 37. a4 Kf4 38. axb5 axb5 39. h4 f5 0-1

[Event "II Festival Vittorio Alfieri"]
[Site "Torino ITA"]
[Date "2010.04.23"]
[Round "3"]
[White "Baleja, Marian"]
[Black "Pitrola, Carlo"]
[Result "1-0"]
[WhiteElo "1923"]
[BlackElo "1799"]
[PlyCount "82"]
[EventDate "2010.04.21"]

1. e4 e6 2. d4 d5 3. Nd2 Nf6 4. e5 Nfd7 5. Bd3 c5 6. c3 Nc6 7. Ne2 cxd4 8. cxd4
f6 9. exf6 Nxf6 10. Nf3 Bd6 11. O-O O-O 12. a3 a6 13. b4 Qe8 14. Bb2 Qh5 15.
Ng3 Bxg3 16. fxg3 Bd7 17. Qe2 e5 18. dxe5 Rae8 19. h3 Re7 20. Rae1 Rfe8 21. g4
Nxg4 22. hxg4 Bxg4 23. Qc2 Re6 24. Nh2 Rh6 25. Nxg4 Qh1+ 26. Kf2 Qh4+ 27. Ke3
Qxg4 28. Kd2 Qg5+ 29. Kd1 Rh2 30. Rf2 d4 31. Qc4+ Kh8 32. Qf7 Qh5+ 33. Qxh5
Rxh5 34. e6 Re5 35. Ref1 g6 36. Rf8+ Rxf8 37. Rxf8+ Kg7 38. Rf7+ Kh6 39. Bc1+
Kh5 40. Be2+ Kh4 41. Bf4 d3 1-0

[Event "II Festival Vittorio Alfieri"]
[Site "Torino ITA"]
[Date "2010.04.23"]
[Round "3"]
[White "Cacinschi, Alexandru"]
[Black "Vozza, Augusto"]
[Result "1-0"]
[WhiteElo "1986"]
[BlackElo "1540"]
[PlyCount "65"]
[EventDate "2010.04.21"]

1. e4 c6 2. d4 d5 3. e5 c5 4. dxc5 Nc6 5. Nf3 Bg4 6. Bb5 e6 7. Be3 a6 8. Bxc6+
bxc6 9. c3 Ne7 10. O-O Ng6 11. Bd4 Qc7 12. Re1 Nh4 13. Nbd2 Be7 14. h3 Bh5 15.
g3 Nxf3+ 16. Nxf3 Qd8 17. Kg2 a5 18. b4 Rb8 19. a3 Qc8 20. Qa4 Qa6 21. Nd2 O-O
22. Nb3 Bd8 23. Nd2 Bc7 24. Nf1 Be2 25. Ne3 Bb5 26. Qd1 Bd3 27. f4 Be4+ 28. Kh2
Rb5 29. Qe2 Rfb8 30. a4 Rxb4 31. Qxa6 Rb2+ 32. Re2 Rxe2+ 33. Qxe2 1-0

[Event "II Festival Vittorio Alfieri"]
[Site "Torino ITA"]
[Date "2010.04.23"]
[Round "3"]
[White "Cavaliere, Simone"]
[Black "Blundo, Michele"]
[Result "1-0"]
[WhiteElo "1883"]
[BlackElo "1763"]
[PlyCount "30"]
[EventDate "2010.04.21"]

1. e4 c5 2. Nf3 d6 3. d4 cxd4 4. Nxd4 Nf6 5. Nc3 a6 6. Be3 e6 7. f3 Be7 8. Qd2
Bd7 9. g4 Nc6 10. O-O-O Rc8 11. Qf2 Ne5 12. f4 Nfxg4 13. Qe1 Nxe3 14. Qxe3 Nc4
15. Bxc4 Rxc4 1-0

[Event "II Festival Vittorio Alfieri"]
[Site "Torino ITA"]
[Date "2010.04.23"]
[Round "3"]
[White "Di Chiara, Mauro"]
[Black "Fassio, Francesco"]
[Result "1-0"]
[WhiteElo "1868"]
[BlackElo "1618"]
[PlyCount "83"]
[EventDate "2010.04.21"]

1. d4 d5 2. Nf3 Nf6 3. c4 e6 4. Nc3 Be7 5. cxd5 exd5 6. Qc2 O-O 7. Bg5 h6 8.
Bxf6 Bxf6 9. e3 Bg4 10. O-O-O c6 11. Bd3 a5 12. h3 Bxf3 13. gxf3 Na6 14. Qe2 b5
15. Bb1 Qb6 16. Qc2 g6 17. Rdg1 Bg7 18. h4 Nb4 19. Qd1 c5 20. a3 cxd4 21. exd4
Rfc8 22. h5 Rc6 23. hxg6 fxg6 24. Qb3 Qxd4 25. axb4 axb4 26. Rg4 Qe5 27. Rxb4
Ra1 28. Rd1 Qg5+ 29. f4 Qf5 30. Qxd5+ Qxd5 31. Rxd5 Bxc3 32. bxc3 Rxc3+ 33. Kb2
Raa3 34. Rbxb5 Rf3 35. Rd7 Ra8 36. Ba2+ Kh8 37. Rd2 Rxf4 38. Rb7 Raf8 39. f3
Rxf3 40. Bc4 h5 41. Rdd7 Rf2+ 42. Kb1 1-0

[Event "II Festival Vittorio Alfieri"]
[Site "Torino ITA"]
[Date "2010.04.23"]
[Round "3"]
[White "Fassero, Fabrizio"]
[Black "Termini, Luigi Robert"]
[Result "1-0"]
[WhiteElo "1737"]
[BlackElo "1703"]
[PlyCount "99"]
[EventDate "2010.04.21"]

1. e4 c5 2. Nc3 Nf6 3. e5 Ng8 4. f4 e6 5. Nf3 Nc6 6. g3 d6 7. exd6 Bxd6 8. Bg2
a6 9. d3 Nge7 10. Be3 Qb6 11. Ne4 Nd4 12. Nxd6+ Qxd6 13. O-O Nef5 14. Bf2 O-O
15. Ne5 f6 16. Nc4 Qc7 17. Re1 Bd7 18. c3 Nb5 19. Nd2 Bc6 20. Ne4 b6 21. Qf3
Nfd6 22. Nxf6+ Rxf6 23. Qxc6 Qxc6 24. Bxc6 Raf8 25. Re2 Nf5 26. Rae1 Nc7 27.
Ba4 Rd8 28. Bc2 Rd6 29. Re5 Nh6 30. d4 Ng4 31. dxc5 bxc5 32. Bxc5 Rd2 33. R5e2
Rxe2 34. Rxe2 Rh6 35. Bb3 Kf7 36. Bc4 Nf6 37. f5 Nfd5 38. fxe6+ Rxe6 39. Rxe6
Kxe6 40. Kf2 g6 41. Kf3 Kf5 42. Bd6 Ke6 43. Bf4 Kf5 44. g4+ Kf6 45. h4 Ke7 46.
Be5 Kd7 47. Ke4 Nb6 48. Bg8 h6 49. b3 Nbd5 50. Bxd5 1-0

[Event "II Festival Vittorio Alfieri"]
[Site "Torino ITA"]
[Date "2010.04.23"]
[Round "3"]
[White "Gussone, Claudio"]
[Black "Giacchino, Claudio"]
[Result "1-0"]
[WhiteElo "1792"]
[BlackElo "1631"]
[PlyCount "109"]
[EventDate "2010.04.21"]

1. e4 e6 2. d4 d5 3. exd5 exd5 4. Nf3 Nf6 5. g3 c6 6. Bg2 Be7 7. O-O O-O 8. Bf4
Qb6 9. Qc1 Bf5 10. Nbd2 Ne4 11. Re1 Bf6 12. c3 Nd7 13. Nxe4 Bxe4 14. Ne5 Bxe5
15. dxe5 Bxg2 16. Kxg2 Nb8 17. e6 f6 18. Bd6 Re8 19. b4 Qd8 20. Bc5 Na6 21. Bd4
Nc7 22. Qe3 Rxe6 23. Qf3 Qe8 24. Be3 b6 25. a4 Rd8 26. Red1 Rd7 27. Ra2 Rde7
28. Rad2 Re4 29. Qe2 R7e5 30. Qd3 Qe6 31. h4 g5 32. hxg5 fxg5 33. Rh1 h6 34.
Bd4 Rxd4 35. cxd4 Re4 36. Qf3 g4 37. Qc3 Ne8 38. Rc1 Re2 39. Rxe2 Qxe2 40. Qe3
Qxe3 41. fxe3 h5 42. Rxc6 Kf7 43. a5 bxa5 44. bxa5 Ke7 45. Ra6 Nc7 46. Rxa7 Kd6
47. Rb7 Kc6 48. Rb1 Nb5 49. Rh1 Kb7 50. Rxh5 Ka6 51. Rxd5 Nc3 52. Rg5 Nd1 53.
e4 Nc3 54. Rg6+ Kxa5 55. Rxg4 1-0

[Event "II Festival Vittorio Alfieri"]
[Site "Torino ITA"]
[Date "2010.04.23"]
[Round "3"]
[White "Iacomussi, Mario"]
[Black "Vogliobene, Luigi"]
[Result "1/2-1/2"]
[WhiteElo "1760"]
[BlackElo "1580"]
[PlyCount "54"]
[EventDate "2010.04.21"]

1. d4 Nf6 2. c4 g6 3. Nc3 Bg7 4. e4 d6 5. f3 O-O 6. Be3 Nc6 7. Rb1 e5 8. Nge2
Ne8 9. d5 Ne7 10. g4 f5 11. gxf5 gxf5 12. Bg5 f4 13. Rg1 Kh8 14. Qd2 Bf6 15.
Bxf6+ Nxf6 16. h4 Ng6 17. Nc1 Nh5 18. Qf2 Qxh4 19. Nd3 Bd7 20. c5 Rg8 21. a4
Rg7 22. b4 b6 23. c6 Bc8 24. Ke2 Qxf2+ 25. Kxf2 Nf6 26. Be2 Bh3 27. Rbd1 Rag8
1/2-1/2

[Event "II Festival Vittorio Alfieri"]
[Site "Torino ITA"]
[Date "2010.04.23"]
[Round "3"]
[White "Ljubisavljevic, Zivojin Z."]
[Black "Dragojlovic, Andjelko"]
[Result "0-1"]
[WhiteElo "2260"]
[BlackElo "2422"]
[PlyCount "23"]
[EventDate "2010.04.21"]

1. e4 c5 2. Nc3 g6 3. f4 Bg7 4. Nf3 a6 5. g3 e6 6. Bg2 Ne7 7. O-O d5 8. d3 Nbc6
9. e5 b5 10. Ne2 h6 11. d4 Nf5 12. c3 0-1

[Event "II Festival Vittorio Alfieri"]
[Site "Torino ITA"]
[Date "2010.04.23"]
[Round "3"]
[White "Lucchese, Paolo"]
[Black "Macario, Marco"]
[Result "1-0"]
[WhiteElo "2024"]
[BlackElo "1755"]
[PlyCount "75"]
[EventDate "2010.04.21"]

1. e4 c5 2. Nf3 e6 3. d4 cxd4 4. Nxd4 a6 5. Bd3 Nf6 6. O-O d6 7. c4 Bd7 8. Qe2
Nc6 9. Be3 Ne5 10. Bc2 Rc8 11. b3 Neg4 12. Bd2 b5 13. h3 Ne5 14. f4 Nc6 15. Nf3
bxc4 16. bxc4 Qb6+ 17. Kh1 Be7 18. Nc3 O-O 19. Rab1 Qc7 20. c5 Nh5 21. Kh2 dxc5
22. e5 Nd4 23. Nxd4 cxd4 24. Bxh7+ Kxh7 25. Qxh5+ Kg8 26. Ne4 Qc2 27. Nf6+ gxf6
28. f5 Qxd2 29. Rf3 Qg5 30. Rg3 exf5 31. Qh4 d3 32. exf6 Bxf6 33. Rxg5+ Bxg5
34. Qxg5+ Kh7 35. Rb4 f4 36. Rxf4 Bg4 37. Rxg4 Rc4 38. Rxc4 1-0

[Event "II Festival Vittorio Alfieri"]
[Site "Torino ITA"]
[Date "2010.04.23"]
[Round "3"]
[White "Paoli, Mario"]
[Black "De Renzi, Giuseppe"]
[Result "1/2-1/2"]
[WhiteElo "1746"]
[BlackElo "1533"]
[PlyCount "93"]
[EventDate "2010.04.21"]

1. d4 Nf6 2. c4 g6 3. Nc3 d5 4. e3 Bg7 5. Nf3 c5 6. dxc5 Qa5 7. Qa4+ Qxa4 8.
Nxa4 Nc6 9. cxd5 Nxd5 10. Be2 Ncb4 11. O-O Bd7 12. e4 Nf6 13. Nc3 Nc6 14. Be3
O-O 15. Rfd1 Be6 16. Nd4 Ng4 17. Nxe6 Nxe3 18. Rd3 fxe6 19. Rxe3 Bd4 20. Rf3
Bxc5 21. Nb5 Rxf3 22. Bxf3 Nd4 23. Nxd4 Bxd4 24. Rb1 e5 25. b3 Rc8 26. Bd1 Rf8
27. Bf3 Rc8 28. a4 a5 29. g3 Rc2 30. Rf1 Kg7 31. Kg2 b6 32. h3 g5 33. g4 h6 34.
Bd1 Rb2 35. Kg3 Kf6 36. f3 Ke6 37. h4 Kd6 38. hxg5 hxg5 39. Rh1 Bf2+ 40. Kh3
Kc5 41. Rf1 Bd4 42. Re1 Bf2 43. Re2 Rxe2 44. Bxe2 Kb4 45. Bc4 Kc3 46. Kg2 Bd4
47. Kf1 1/2-1/2

[Event "II Festival Vittorio Alfieri"]
[Site "Torino ITA"]
[Date "2010.04.23"]
[Round "3"]
[White "Ravazzolo, Gaia"]
[Black "Militello, Michele"]
[Result "0-1"]
[WhiteElo "1713"]
[BlackElo "1842"]
[PlyCount "94"]
[EventDate "2010.04.21"]

1. d4 Nf6 2. c4 c5 3. d5 b5 4. cxb5 a6 5. e3 axb5 6. Bxb5 Qa5+ 7. Nc3 Bb7 8.
Bd2 Ne4 9. Bxd7+ Nxd7 10. Nxe4 Qb6 11. Nc3 Ne5 12. Qc2 c4 13. Nge2 Nd3+ 14. Kf1
g6 15. Nf4 Bg7 16. Ke2 O-O 17. Rhd1 e5 18. Nh3 Ba6 19. Kf1 Rab8 20. Rab1 Qd8
21. e4 h6 22. Ng1 Qh4 23. Nh3 Bc8 24. Be1 Bxh3 25. gxh3 Qxh3+ 26. Kg1 Qg4+ 27.
Kf1 Qf3 28. Ne2 Qh1+ 29. Ng1 Qxe4 30. Qe2 Qxd5 31. Bc3 e4 32. Bxg7 Kxg7 33. Nh3
Qe6 34. Kg2 Rfc8 35. Qe3 Qf6 36. b3 cxb3 37. axb3 Qe6 38. b4 Qb6 39. Qxb6 Rxb6
40. b5 Rc5 41. Rd2 Rcxb5 42. Rxb5 Rxb5 43. Re2 f5 44. Kg3 g5 45. Kg2 Rb2 46.
Rxb2 Nxb2 47. f3 exf3+ 0-1

[Event "II Festival Vittorio Alfieri"]
[Site "Torino ITA"]
[Date "2010.04.23"]
[Round "3"]
[White "Riccardi, Mauro"]
[Black "Pettorusso, Aldo"]
[Result "0-1"]
[WhiteElo "1818"]
[BlackElo "1598"]
[PlyCount "71"]
[EventDate "2010.04.21"]

1. d4 Nf6 2. Bg5 h6 3. Bxf6 gxf6 4. e3 d5 5. c4 c6 6. Nc3 Bf5 7. Qb3 Nd7 8.
cxd5 cxd5 9. Qxd5 e6 10. Qxb7 Rb8 11. Qxa7 Bb4 12. Qa4 O-O 13. Qd1 Bxc3+ 14.
bxc3 Qa5 15. Qd2 Qa3 16. Qc1 Rb2 17. Nf3 Rfb8 18. Nd2 Rb1 19. Rxb1 Rxb1 20.
Qxb1 Bxb1 21. Bb5 Qc1+ 22. Ke2 Qxh1 23. Bxd7 Bxa2 24. Bc6 Qc1 25. Kd3 Bb1+ 26.
Nxb1 Qxb1+ 27. Kc4 Kf8 28. e4 Qf1+ 29. Kb4 Qxf2 30. d5 Ke7 31. c4 exd5 32. exd5
Kd6 33. h3 Qb2+ 34. Ka5 Kc5 35. Bb5 Qa3+ 36. Ba4 0-1